Kluby, które zdobyły mistrzostwo Polski w piłce nożnej mężczyzn - Statystyki

Ogólne statystyki
  • Ten quiz został rozwiązany 44 razy
  • Średni wynik to 16 z 20
Statystyki odpowiedzi
Ostatni tytuł Klub % Poprawnych
2020/2021 Legia Warszawa
100%
2021/2022 Lech Poznań
98%
1987/1988 Górnik Zabrze
95%
2023/2024 Jagiellonia Białystok
95%
2011/2012 Śląsk Wrocław
93%
2022/2023 Raków Częstochowa
91%
1988/1989 Ruch Chorzów
91%
2010/2011 Wisła Kraków
91%
1999/2000 Polonia Warszawa
88%
1948 Cracovia
84%
2006/2007 Zagłębie Lubin
84%
2018/2019 Piast Gliwice
81%
1996/1997 Widzew Łódź
81%
1998/1998 ŁKS Łódź
72%
1962 Polonia Bytom
70%
1975/1976 Stal Mielec
63%
1926 Pogoń Lwów
58%
1979/1980 Szombierki Bytom
51%
1947 Warta Poznań
51%
1931 Garbarnia Kraków
49%
Nie znaleziono quizów pasujących do podanych kryteriów
Rozkład punktacji
Procent ludzi z każdym wynikiem
Percentyl według liczby udzielonych odpowiedzi
Twoja historia wyników
Nie rozwiązałeś tego quizu